Euroregion Šumava/Bayerischer Wald-Unterer Inn/Mühlviertel /

Další autoři: Dokoupil, Jaroslav, 1959-
Jazyk: Čeština
Vydáno: Plzeň : Vydavatelství a nakladatelství Aleš Čeněk, 2012
Témata:
Fyzický popis: 185 s. : barev. il., mapy ; 21 cm
Language note: Anglické resumé
Knihy
Uloženo v:
LEADER 02357nam a2200613 a 4500
001 nkc20122431074
003 CZ PrNK
005 20260311152326.0
007 ta
008 121205s2012 xr ab f 001 0 cze
015 |a cnb002431074 
020 |a 978-80-7380-404-6  |q (brož.) 
035 |a (OCoLC)829661630 
040 |a ABA001  |b cze 
041 0 |a cze  |b eng 
043 |a e-xr---  |a e-au---  |a e-gx--- 
072 7 |a 913  |x Regionální geografie  |2 Konspekt  |9 7 
080 |a 913(4-192.2)  |2 MRF 
080 |a 316.4.063.3  |2 MRF 
080 |a 913  |2 MRF 
080 |a (437.3)  |2 MRF 
080 |a (436)  |2 MRF 
080 |a (430)  |2 MRF 
080 |a (234.554)  |2 MRF 
080 |a (048.8:082)  |2 MRF 
245 0 0 |a Euroregion Šumava/Bayerischer Wald-Unterer Inn/Mühlviertel /  |c Jaroslav Dokoupil ... [et al.] 
246 1 4 |a Euroregion Šumava 
260 |a Plzeň :  |b Vydavatelství a nakladatelství Aleš Čeněk,  |c 2012 
300 |a 185 s. :  |b barev. il., mapy ;  |c 21 cm 
504 |a Obsahuje bibliografii, bibliografické odkazy a rejstřík 
546 |a Anglické resumé 
610 2 7 |a Euroregion Šumava (sdružení)  |7 ko2006341908  |2 czenas 
650 0 7 |a euroregiony  |7 ph120034  |z Česko  |2 czenas 
650 0 7 |a euroregiony  |7 ph120034  |z Rakousko  |2 czenas 
650 0 7 |a euroregiony  |7 ph120034  |z Německo  |2 czenas 
650 0 7 |a přeshraniční spolupráce  |7 ph135604  |z Česko  |2 czenas 
650 0 7 |a přeshraniční spolupráce  |7 ph135604  |z Rakousko  |2 czenas 
650 0 7 |a přeshraniční spolupráce  |7 ph135604  |z Německo  |2 czenas 
650 0 7 |a regionální geografie  |7 ph116030  |z Šumava (pohoří : oblast)  |2 czenas 
650 0 9 |a euroregions  |z Czechia  |2 eczenas 
650 0 9 |a euroregions  |z Austria  |2 eczenas 
650 0 9 |a euroregions  |z Germany  |2 eczenas 
650 0 9 |a transborder cooperation  |z Czechia  |2 eczenas 
650 0 9 |a transborder cooperation  |z Austria  |2 eczenas 
650 0 9 |a transborder cooperation  |z Germany  |2 eczenas 
650 0 9 |a regional geography  |z Šumava Mountains Region  |2 eczenas 
655 7 |a kolektivní monografie  |7 fd501537  |2 czenas 
655 9 |a collective monographs  |2 eczenas 
700 1 |a Dokoupil, Jaroslav,  |d 1959-  |7 jo20010086948  |4 aut 
910 2 |a BOA001  |b 2-1300.320 
990 |a BK 
995 |a 01 
991 |b 201302  |c NOV  |e n 
996 6 |b 2610538662  |c 2-1300.320  |l MZK  |r Sklad / do 1 hodiny  |n 3  |p p.v.  |w 001313314  |u 000010  |a 1  |e BOA001  |j MZK50  |s P